Engineering mechanics of composite materials (Record no. 32634)
[ view plain ]
| 000 -LEADER | |
|---|---|
| fixed length control field | 00631cam a2200217 a 4500 |
| 003 - CONTROL NUMBER IDENTIFIER | |
| control field | NUST |
| 020 ## - INTERNATIONAL STANDARD BOOK NUMBER | |
| International Standard Book Number | 019515097-X |
| 038 ## - RECORD CONTENT LICENSOR | |
| Staff Name | Khadija |
| 082 00 - DEWEY DECIMAL CLASSIFICATION NUMBER | |
| Classification number | 620.1183 |
| Author Mark | DAN |
| 100 1# - MAIN ENTRY--PERSONAL NAME | |
| Personal name | Daniel, Isaac M. |
| 9 (RLIN) | 82994 |
| 245 10 - TITLE STATEMENT | |
| Title | Engineering mechanics of composite materials |
| 250 ## - EDITION STATEMENT | |
| Edition statement | 2nd ed. |
| 260 ## - PUBLICATION, DISTRIBUTION, ETC. | |
| Place of publication, distribution, etc. | New York : |
| Name of publisher, distributor, etc. | Oxford University Press, |
| Date of publication, distribution, etc. | 2006. |
| 300 ## - PHYSICAL DESCRIPTION | |
| Extent | xviii, 411 p. : |
| Other physical details | ill. ; |
| 563 ## - BINDING INFORMATION | |
| Binding note | Hardcover |
| 650 #0 - SUBJECT ADDED ENTRY--TOPICAL TERM | |
| Topical term or geographic name entry element | Composite materials |
| 9 (RLIN) | 25366 |
| 650 #0 - SUBJECT ADDED ENTRY--TOPICAL TERM | |
| Topical term or geographic name entry element | Composite materials |
| 9 (RLIN) | 25366 |
| 700 1# - ADDED ENTRY--PERSONAL NAME | |
| Personal name | Ishai, Ori. |
| 9 (RLIN) | 82995 |
| 856 42 - ELECTRONIC LOCATION AND ACCESS | |
| Uniform Resource Identifier | <a href="http://www.loc.gov/catdir/enhancements/fy0635/2004065462-d.html">http://www.loc.gov/catdir/enhancements/fy0635/2004065462-d.html</a> |
| 942 ## - ADDED ENTRY ELEMENTS (KOHA) | |
| Koha item type | Book |
| Source of classification or shelving scheme | |
| Withdrawn status | Lost status | Source of classification or shelving scheme | Damaged status | Not for loan | Permanent Location | Current Location | Shelving location | Date acquired | Total Checkouts | Full call number | Barcode | Checked out | Date last seen | Date last checked out | Price effective from | Koha item type | Public note |
|---|---|---|---|---|---|---|---|---|---|---|---|---|---|---|---|---|---|
| School of Mechanical & Manufacturing Engineering (SMME) | School of Mechanical & Manufacturing Engineering (SMME) | General Stacks | 10/09/2015 | 1 | 620.1183 DAN | SMME-1523 | 05/27/2023 | 01/27/2023 | 01/27/2023 | 10/09/2015 | Book | Rack,39-Shelf,4 |
